000 00991nam a2200265Ia 4500
005 20140217111317.0
008 130821s1993 mx gr spa
020 _a9681639820
040 _aCo-BoUCM
_bspa
041 0 0 _aspa
100 1 _aNorth, Douglass Cecil, 1920-
245 1 0 _aInstituciones, cambio institucional y desempeño económico
_cDouglass Cecil North ; traducción de Agustín Bárcena
260 _aMéxico D.F. (México)
_bFondo de Cultura Económica
_c1993
300 _a190 páginas
490 _aColección economía contemporánea
504 _aIncluye referencias bibliográficas
650 0 4 _aDesarrollo económico
_912956
650 0 4 _aEconomía
_9174
650 0 4 _aPronóstico de la economía
_922564
650 0 4 _aTeoría económica
_925318
700 1 _aBárcena, Agustín
_etrad.
765 0 _aInstitutions, institutional change, and economic performance.
942 _cLIBRORESER
_2DEWEY
_a7
_e1
_h330.01
_mN864i
999 _c58246
_d58246